Health and safety in refurbishment involving demolition and structural instability (Record no. 103464)

MARC details
000 -LEADER
fixed length control field 01418cam a2200325 4500
008 - FIXED-LENGTH DATA ELEMENTS--GENERAL INFORMATION
fixed length control field 040406n2004 000 0 eng u
020 ## - INTERNATIONAL STANDARD BOOK NUMBER
International Standard Book Number 0717628205
035 ## - SYSTEM CONTROL NUMBER
System control number (Sirsi) u125755
041 ## - LANGUAGE CODE
Language code of text/sound track or separate title eng
050 ## - LIBRARY OF CONGRESS CALL NUMBER
Classification number 690.22
-- 18
100 ## - MAIN ENTRY--PERSONAL NAME
Personal name Anumba, Chimay J.
245 ## - TITLE STATEMENT
Title Health and safety in refurbishment involving demolition and structural instability
260 ## - PUBLICATION, DISTRIBUTION, ETC.
Place of publication, distribution, etc. London
Name of publisher, distributor, etc. HSE
Date of publication, distribution, etc. 2004
490 ## - SERIES STATEMENT
Series statement HSE Research Report
Volume/sequential designation RR204
520 ## - SUMMARY, ETC.
Summary, etc. This report identifies the main factors associated with health and safety issues on refurbishment sites and investigates the strategies adopted during refurbishment works involving demolition activities. A comparison between the practices in the UK and Italy was undertaken and a checklist for proactive management of health and safety on refurbishment projects was prepared. View at www.hse.gov.uk.
650 ## - SUBJECT ADDED ENTRY--TOPICAL TERM
Topical term or geographic name entry element ITALY
650 ## - SUBJECT ADDED ENTRY--TOPICAL TERM
Topical term or geographic name entry element DEMOLITION
650 ## - SUBJECT ADDED ENTRY--TOPICAL TERM
Topical term or geographic name entry element HEALTH AND SAFETY
9 (RLIN) 6244
650 ## - SUBJECT ADDED ENTRY--TOPICAL TERM
Topical term or geographic name entry element REFURBISHMENT PROJECTS
650 ## - SUBJECT ADDED ENTRY--TOPICAL TERM
Topical term or geographic name entry element CONSTRUCTION SITES
690 ## - LOCAL SUBJECT ADDED ENTRY--TOPICAL TERM (OCLC, RLIN)
Topical term or geographic name as entry element BUILT ENVIRONMENT-BUILDING STANDARDS
700 ## - ADDED ENTRY--PERSONAL NAME
Personal name Marino, Barbara
700 ## - ADDED ENTRY--PERSONAL NAME
Personal name Gottfried, Arie
700 ## - ADDED ENTRY--PERSONAL NAME
Personal name Egbu, Charles
710 ## - ADDED ENTRY--CORPORATE NAME
Corporate name or jurisdiction name as entry element Loughborough University
9 (RLIN) 3508
710 ## - ADDED ENTRY--CORPORATE NAME
Corporate name or jurisdiction name as entry element Milan Polytechnic
9 (RLIN) 4630
710 ## - ADDED ENTRY--CORPORATE NAME
Corporate name or jurisdiction name as entry element Great Britain
Subordinate unit Health and Safety Executive
856 ## - ELECTRONIC LOCATION AND ACCESS
Uniform Resource Identifier <a href="https://www.hse.gov.uk/research/rrhtm/rr204.htm">https://www.hse.gov.uk/research/rrhtm/rr204.htm</a>
Public note View the report on the HSE website...
942 ## - ADDED ENTRY ELEMENTS (KOHA)
Suppress in OPAC 0
Holdings
Withdrawn status Lost status Source of classification or shelving scheme Damaged status Not for loan Home library Current library Shelving location Date acquired Total Checkouts Full call number Barcode Date last seen Copy number Price effective from Koha item type
    Dewey Decimal Classification     Virtual Virtual Online 06/04/2004   ONLINE PUBLICATION 125755-2001 06/08/2019 1 06/08/2019 Book